000 00470nam a2200145Ia 4500
008 210210b2001 xxu||||| |||| 00| 0 eng d
082 _a398.2 ALVO
100 _aALVA (Ashok).
245 _aOlasari : essays on folk rituals and dances of tulunadu and kodagu.
260 _aUdupi
_bRegional Resources Centre for Folk Performing Arts, MGM College.,
_c2001
300 _axii,126
650 _aFolk Rituals dances tulunadu kodagu
690 _aFolklore
906 _aSG04138
999 _c114768
_d114768